Time-saver standards for interior design and space planning (Record no. 12544)

MARC details
000 -CABECERA
campo de control de longitud fija 00992nam a2200289 4500
003 - IDENTIFICADOR DEL NÚMERO DE CONTROL
campo de control OSt
005 - FECHA Y HORA DE LA ÚLTIMA TRANSACCIÓN
campo de control 20260530115255.0
008 - DATOS DE LONGITUD FIJA--INFORMACIÓN GENERAL
campo de control de longitud fija 260506b |||||||| |||| 00| 0 eng d
020 ## - NÚMERO INTERNACIONAL ESTÁNDAR DEL LIBRO
Número Internacional Estándar del Libro 0070162999
040 ## - FUENTE DE LA CATALOGACIÓN
Centro catalogador/agencia de origen ICI
Lengua de catalogación SPA
Centro/agencia transcriptor ICI
041 ## - CÓDIGO DE LENGUA
Código de lengua del texto/banda sonora o título independiente eng
050 ## - SIGNATURA TOPOGRÁFICA DE LA BIBLIOTECA DEL CONGRESO
Número de clasificación NK2110
Número de documento/Ítem T55
100 1# - ENTRADA PRINCIPAL--NOMBRE DE PERSONA
Nombre de persona De Chiara Joseph
9 (RLIN) 30299
245 10 - MENCIÓN DE TÍTULO
Título Time-saver standards for interior design and space planning
Mención de responsabilidad, etc. [ed. by] Joseph de chiara, julius panero, Martín zelnik
264 #1 - PRODUCCIÓN, PUBLICACIÓN, DISTRIBUCIÓN, FABRICACIÓN Y COPYRIGHT
Producción, publicación, distribución, fabricación y copyright New York :
Nombre del de productor, editor, distribuidor, fabricante McGraw-Hill,
Fecha de producción, publicación, distribución, fabricación o copyright 1991
300 ## - DESCRIPCIÓN FÍSICA
Extensión 1160 páginas
336 ## - TIPO DE CONTENIDO
Término de tipo de contenido texto
Fuente rdacontent
337 ## - TIPO DE MEDIO
Nombre/término del tipo de medio sin medio
Fuente rdamedia
338 ## - TIPO DE SOPORTE
Nombre/término del tipo de soporte volumen
Fuente rdacarrier
500 ## - NOTA GENERAL
Nota general Libro de Referencia
650 ## - PUNTO DE ACCESO ADICIONAL DE MATERIA--TÉRMINO DE MATERIA
Término de materia o nombre geográfico como elemento de entrada Decoracion de interiores
Subdivisión de forma Manuales, etc.
Subdivisión general Normas
9 (RLIN) 30300
650 ## - PUNTO DE ACCESO ADICIONAL DE MATERIA--TÉRMINO DE MATERIA
Término de materia o nombre geográfico como elemento de entrada Arquitectura de interiores
Subdivisión de forma Manuales, etc.
Subdivisión general Normas
9 (RLIN) 30301
700 ## - PUNTO DE ACCESO ADICIONAL--NOMBRE DE PERSONA
Nombre de persona De Chiara, Joseph, 1929- ,
Títulos y otros términos asociados al nombre editor
9 (RLIN) 30302
710 ## - PUNTO DE ACCESO ADICIONAL--NOMBRE DE ENTIDAD CORPORATIVA
Nombre de entidad corporativa o nombre de jurisdicción como elemento de entrada Panero, Julius,
Término indicativo de función/relación editor
9 (RLIN) 30303
710 ## - PUNTO DE ACCESO ADICIONAL--NOMBRE DE ENTIDAD CORPORATIVA
Nombre de entidad corporativa o nombre de jurisdicción como elemento de entrada a Zelnik, Martin,
Fecha del congreso/reunión o de la firma de un tratado 1939
Término indicativo de función/relación editor
9 (RLIN) 30304
942 ## - ELEMENTOS DE PUNTO DE ACCESO ADICIONAL (KOHA)
Fuente del sistema de clasificación o colocación Library of Congress Classification
Tipo de ítem Koha
Suprimir en OPAC 1

No items available.